Прикладное моделирование пласта: учебное пособие
| Main Author: | |
|---|---|
| Corporate Author: | |
| Other Authors: | , |
| Summary: | Заглавие с титульного экрана В пособии рассматриваются теоретические основы, методические приемы и примеры геологического (статического) и гидродинамического (динамического) моделирования нефтяных и газовых месторождений. Материал излагается в порядке, соответствующем последовательности основных этапов и стадий моделирования резервуара. Рассматриваются вопросы по оценке рисков (неопределенностей), связанных с моделированием резервуара. В качестве методологической базы авторы используют как отечественные публикации, так и передовой зарубежный опыт. Технологической основой моделирования при написании пособия приняты наиболее распространенные и конкурентноспособные программные комплексы - это делает материал понятным для большинства практикующих и/или начинающих специалистов. Предназначено для магистрантов, обучающихся по направлению 131000 "Нефтегазовое дело". Режим доступа: из корпоративной сети ТПУ |
| Language: | Russian |
| Published: |
Томск, Изд-во ТПУ, 2012
|
| Subjects: | |
| Online Access: | http://www.lib.tpu.ru/fulltext2/m/2013/m090.pdf |
| Format: | Electronic Book |
| KOHA link: | https://koha.lib.tpu.ru/cgi-bin/koha/opac-detail.pl?biblionumber=235141 |
MARC
| LEADER | 00000nlm0a2200000 4500 | ||
|---|---|---|---|
| 001 | 235141 | ||
| 005 | 20231101231357.0 | ||
| 035 | |a (RuTPU)RU\TPU\book\256270 | ||
| 090 | |a 235141 | ||
| 100 | |a 20130405d2012 m y0rusy50 ca | ||
| 101 | 0 | |a rus | |
| 102 | |a RU | ||
| 105 | |a a j 001zy | ||
| 135 | |a drcn ---uucaa | ||
| 181 | 0 | |a i | |
| 182 | 0 | |a b | |
| 200 | 1 | |a Прикладное моделирование пласта |b Электронный ресурс |e учебное пособие |f В. Е. Баранов, С. Х. Куреленков, Л. В. Воробьева |g Национальный исследовательский Томский политехнический университет (ТПУ), Институт природных ресурсов (ИПР), Кафедра проектирования объектов нефтегазового комплекса (ПОНК) | |
| 203 | |a Текст |c электронный | ||
| 210 | |a Томск |c Изд-во ТПУ |d 2012 | ||
| 230 | |a 1 компьютерный файл (pdf; 5.3 MB) | ||
| 300 | |a Заглавие с титульного экрана | ||
| 330 | |a В пособии рассматриваются теоретические основы, методические приемы и примеры геологического (статического) и гидродинамического (динамического) моделирования нефтяных и газовых месторождений. Материал излагается в порядке, соответствующем последовательности основных этапов и стадий моделирования резервуара. Рассматриваются вопросы по оценке рисков (неопределенностей), связанных с моделированием резервуара. В качестве методологической базы авторы используют как отечественные публикации, так и передовой зарубежный опыт. Технологической основой моделирования при написании пособия приняты наиболее распространенные и конкурентноспособные программные комплексы - это делает материал понятным для большинства практикующих и/или начинающих специалистов. Предназначено для магистрантов, обучающихся по направлению 131000 "Нефтегазовое дело". | ||
| 333 | |a Режим доступа: из корпоративной сети ТПУ | ||
| 337 | |a Adobe Reader | ||
| 606 | 1 | |a Нефтяные пласты |x Математическое моделирование |2 stltpush |3 (RuTPU)RU\TPU\subj\45990 |9 65178 | |
| 610 | 1 | |a электронный ресурс | |
| 610 | 1 | |a труды учёных ТПУ | |
| 610 | 1 | |a учебные пособия | |
| 610 | 1 | |a геологическое моделирование | |
| 610 | 1 | |a гидродинамическое моделирование | |
| 610 | 1 | |a нефтяные месторождения | |
| 610 | 1 | |a газовые месторождения | |
| 610 | 1 | |a программные комплексы | |
| 675 | |a 622.276.001(075.8) |v 3 | ||
| 700 | 1 | |a Баранов |b В. Е. |c геолог |c заведующий лабораторией Томского политехнического университета |g Виталий Евгеньевич |2 stltpush |3 (RuTPU)RU\TPU\pers\30637 | |
| 701 | 1 | |a Куреленков |b С. Х. |c горный инженер |c инженер Томского политехнического университета |f 1982- |g Сергей Халимович |2 stltpush |3 (RuTPU)RU\TPU\pers\30733 | |
| 701 | 1 | |a Воробьева |b Л. В. |c геолог |c инженер Томского политехнического университета |g Любовь Владиславовна |2 stltpush |3 (RuTPU)RU\TPU\pers\30638 | |
| 712 | 0 | 2 | |a Национальный исследовательский Томский политехнический университет (ТПУ) |b Институт природных ресурсов (ИПР) |b Кафедра проектирования объектов нефтегазового комплекса (ПОНК) |h 5966 |2 stltpush |3 (RuTPU)RU\TPU\col\18669 |
| 801 | 1 | |a RU |b 63413507 |c 20130405 | |
| 801 | 2 | |a RU |b 63413507 |c 20160914 |g RCR | |
| 856 | 4 | |u http://www.lib.tpu.ru/fulltext2/m/2013/m090.pdf | |
| 900 | |a Моделирование нефтяных и газовых месторождений | ||
| 942 | |c CF | ||